Clasificación histórica - Premier League - Estadísticas

Estadísticas generales
  • Esta prueba ha sido intentada 209 veces
  • La puntuación promedio es 19 de 30
Estadísticas de respuestas
Puesto División Equipo % Correcto
Premier League Manchester United
100%
Premier League Arsenal
99%
Premier League Chelsea
99%
Premier League Liverpool
99%
Premier League Manchester City
99%
Premier League Tottenham Hotspur
97%
Premier League Aston Villa
84%
Premier League Everton
84%
14° Premier League Leicester City
80%
Premier League Newcastle United
79%
22° Premier League Wolverhampton
78%
13° Championship Leeds United
73%
10° Premier League West Ham United
72%
11° Premier League Southampton
65%
30° Premier League Brighton & Hove Albion
63%
17° Premier League Crystal Palace
61%
15° Premier League Fulham
60%
18° Championship Sunderland
60%
28° Championship Burnley
57%
12° Championship Blackburn Rovers
56%
24° Championship Norwich City
50%
21° Championship Stoke City
43%
20° Championship West Bromwich Albion
33%
25° Championship Sheffield Wednesday
32%
19° One League Bolton Wanderers
31%
16° Championship Middlesbrough
30%
23° Championship Coventry City
25%
29° One League Wigan Athletic
25%
27° One League Charlton Athletic
12%
26° One League Wimbledon
12%
No se encontraron pruebas coincidentes
Distribución de puntuación
Porcentaje de gente con cada puntuación
Porcentaje por número respondido
Historial de tus puntuaciones
No has intentado esta prueba.